000 00380nam a2200145Ia 4500
008 230917s9999||||xx |||||||||||||| ||und||
040 _e216565
_aMAIN
041 _aEnglish
082 _a809.89287 P886G
100 _aPrasad, Amar Nath
245 0 _aGreat women writers of the world
260 _aNew Delhi
_bSarup Book Publishers
_c2014
300 _avii, 266 p.
942 _cBK
999 _c177167
_d177167